| 000 | 00554nam a2200181 4500 | ||
|---|---|---|---|
| 001 | 136053 | ||
| 003 | ES-MaACL | ||
| 005 | 20251014063208.0 | ||
| 007 | t| | ||
| 008 | 070214s1920 sp r ||||1| spa d | ||
| 080 | _a821.134.2-31"19" | ||
| 100 | 1 |
_aRuiz-Maya, M., _d1888-1936 _9100872 |
|
| 245 | 1 | 4 |
_aLos libertadores del campo _b: (novela cordobesa) / _cM. Ruiz Maya. |
| 260 |
_aMadrid : _bJuan Pueyo, _c1920. |
||
| 300 |
_a286 p. ; _c19 cm. |
||
| 852 |
_aES-MaACL _jF-9983 _z.- Dedicatoria manuscrita del autor |
||
| 999 |
_c136053 _d136053 |
||